000 00444nam a2200157Ia 4500
008 190509s9999 xx 000 0 und d
100 _aBurriss, Robert
245 _aDating: why you were ghosted/
245 _cRobert Burriss
260 _bSussex Publisher
260 _c2018
300 _aPages 37-38, September/October 2018
440 _aPsychology Today: Core Values
_v1/2/1900 3:05:00 AM
650 _adating
650 _arelationship
999 _c361806
_d361806